[Event "Round 3 :("]
[Site "http://www.queenalice.com/game.php?id=584043"]
[Date "2009.5.6"]
[Round "-"]
[White "Mr_SPOCK"]
[Black "Shorty"]
[Result "1-0"]
[WhiteElo "1558"]
[BlackElo "1001"]

1. e4 c5 2. e5 Nc6 3. Nf3 Qa5 4. Na3 Nb4 5. Ng5 Qa4 6. Bb5 Qa5 7. Qf3 Qb6 8.
Qxf7+ Kd8 9. Qxf8+ Kc7 10. Qxg7 a6 11. O-O axb5 12. Qxh8 h6 13. Nf7 Qg6 14.
Nxb5+ Kb6 15. a4 Nxc2 16. a5+ Rxa5 17. Rxa5 Kxa5 18. d4 Kxb5 19. Nxh6 Nxh6 20.
Qxc8 Ng4 21. Qxd7+ Qc6 22. Qxe7 1-0

[Event "Across the Pacific"]
[Site "http://www.queenalice.com/game.php?id=608312"]
[Date "2009.6.24"]
[Round "-"]
[White "Gumo"]
[Black "Shorty"]
[Result "1-0"]
[WhiteElo "1365"]
[BlackElo "1001"]

1. Nf3 Nc6 2. Nc3 a5 3. d4 g6 4. Bg5 f6 5. d5 Nb4 6. Bf4 a4 7. e4 a3 8. Nb5 c6
9. Nc7+ Kf7 10. Nxa8 e5 11. Be3 Qa5 12. c3 axb2 13. cxb4 Qxb4+ 14. Bd2 Qa3 15.
Nc7 bxa1=Q 16. Qxa1 Bd6 17. Qc1 Qxa2 18. Bc4 Qa4 19. dxc6+ Kg7 20. Bh6+ Nxh6 21.
Nd5 dxc6 22. Nb6 Qb4+ 23. Nd2 Qxb6 24. h4 Rf8 25. Nb1 f5 26. f3 fxe4 27. h5 exf3
28. hxg6 hxg6 29. Qxh6+ Kf6 30. Bd3 Qa5+ 31. Nd2 Qa1+ 32. Bb1 fxg2 33. Qxg6+ Ke7
34. Rh7+ Kd8 35. Qxd6+ Ke8 36. Qe7# 1-0

[Event "Through Time"]
[Site "http://www.queenalice.com/game.php?id=628627"]
[Date "2009.8.1"]
[Round "-"]
[White "Shorty"]
[Black "Gumo"]
[Result "1-0"]
[WhiteElo "997"]
[BlackElo "1366"]

1. Nc3 h5 2. b4 g5 3. Rb1 g4 4. Ne4 d5 5. Ng5 Nh6 6. Bb2 Rg8 7. Nh7 Bf5 8. Ng5
Rxg5 9. Bd4 Bg7 10. Be3 e6 11. d4 Nc6 12. Qd2 Bf6 13. h4 Rg6 14. Bxh6 Qd6 15.
Bg5 Nxd4 16. Bf4 Qa6 17. f3 Nxc2+ 18. Kd1 Na3 19. Rc1 gxf3 20. gxf3 Qa4+ 21. Ke1
e5 22. Bg5 Bh8 23. Rxc7 e4 24. Qxd5 Qxb4+ 25. Kf2 Bd4+ 26. e3 Qb2+ 27. Ne2 Be6
28. Qd6 Bf6 29. Bh3 Nb5 30. Qf4 Bd8 31. Bxe6 Bxc7 32. Qxf7# 1-0

[Event "Challenge"]
[Site "http://www.queenalice.com/game.php?id=636280"]
[Date "2009.8.14"]
[Round "-"]
[White "kisly"]
[Black "Shorty"]
[Result "0-1"]
[WhiteElo "1186"]
[BlackElo "1075"]

1. e4 h5 2. b3 Rh6 3. d4 Re6 4. f3 g5 5. Nc3 Bg7 6. Bxg5 Bxd4 7. Nce2 c6 8. Nh3
Bc5 9. a3 Qb6 10. a4 Rd6 11. Qc1 Qb4+ 12. c3 Qxb3 13. Qf4 a5 14. Nc1 Qxc3+ 15.
Ke2 b6 16. Na2 Qxa1 17. Nf2 Ba6+ 18. Nd3 Bxd3+ 19. Kd2 Qb2+ 20. Kd1 Qc2+ 21. Ke1
Bf2# 0-1

[Event "Challenge"]
[Site "http://www.queenalice.com/game.php?id=643366"]
[Date "2009.8.27"]
[Round "-"]
[White "Shorty"]
[Black "Gumo"]
[Result "0-1"]
[WhiteElo "1082"]
[BlackElo "1357"]

1. b4 Nc6 2. c3 a5 3. a3 Nf6 4. g3 e6 5. Bh3 b6 6. Bg2 Ng4 7. h3 Nh6 8. d3 axb4
9. cxb4 Qf6 10. Ra2 Nxb4 11. Rb2 Nd5 12. Nf3 Nc3 13. Nxc3 Qxc3+ 14. Qd2 Rxa3 15.
Rc2 Qxd2+ 16. Kxd2 Bb4+ 17. Ke3 Nf5+ 18. Ke4 Bb7+ 19. Kf4 Bd6+ 20. Kg4 h5+ 21.
Kg5 f6+ 22. Kg6 Rh6+ 23. Bxh6 gxh6 24. Rhc1 c5 25. Kxf6 Ra8 26. Rg1 Kf8 27. Nh4
Kg8 28. Bxb7 Rf8+ 29. Kg6 Ng7 30. Ra1 Rxf2 31. Ra8+ Bf8 32. Kxh6 Rf6+ 33. Kg5
Rf7 34. Ng6 Rf5+ 35. Kh6 h4 36. e4 Rh5# 0-1

[Event "Challenge"]
[Site "http://www.queenalice.com/game.php?id=650584"]
[Date "2009.9.11"]
[Round "-"]
[White "horsemen"]
[Black "Shorty"]
[Result "1-0"]
[WhiteElo "1364"]
[BlackElo "1051"]

1. e4 Nc6 2. h4 b5 3. Rh3 g6 4. Bxb5 Rb8 5. Bc4 Rb4 6. Bd3 Nf6 7. Nc3 h6 8. Rf3
Rd4 9. Bf1 a5 10. d3 Bb7 11. Nd5 Ne5 12. Re3 c5 13. a4 h5 14. Nf3 e6 15. Nxf6+
Qxf6 16. Bd2 Qd8 17. Nxe5 Qxh4 18. Bxa5 Bd6 19. Nf3 Qg4 20. c3 Rxa4 21. Qxa4 Bg3
22. fxg3 Qxg3+ 23. Ke2 h4 24. Bb6 h3 25. Qa7 h2 26. Nxh2 Qxh2 27. Qxb7 Rh4 28.
Bxc5 d6 29. Qb8+ Kd7 30. Bxd6 Qxd6 31. Qb7+ Qc7 32. Ra7 Qxb7 33. Rxb7+ Kd6 34.
e5+ Kc6 35. Rxf7 Ra4 36. Rf6 Kd5 37. Rxg6 Ra2 38. c4+ Kd4 39. Rxe6 Rxb2+ 40. Kf3
Rb1 41. Rd6+ Kc5 42. d4+ Kb4 43. Rb6+ 1-0

[Event "Challenge"]
[Site "http://www.queenalice.com/game.php?id=697583"]
[Date "2009.12.13"]
[Round "-"]
[White "Shorty"]
[Black "Gumo"]
[Result "0-1"]
[WhiteElo "1125"]
[BlackElo "1362"]

1. c4 e6 2. Nc3 Nc6 3. g4 Qg5 4. Nf3 Qxg4 5. Rg1 Qxc4 6. Qa4 d5 7. d3 Qa6 8. Bh3
Bb4 9. Qb3 d4 10. Bd2 dxc3 11. bxc3 Bc5 12. Bf4 Nf6 13. Bg5 Qb6 14. Rg4 Na5 15.
Qb1 Bxf2+ 16. Kf1 Nxg4 17. Bxg4 e5 18. h3 Bg3 19. Qb4 Qf2# 0-1

[Event "Challenge"]
[Site "http://www.queenalice.com/game.php?id=760489"]
[Date "2010.4.13"]
[Round "-"]
[White "Shorty"]
[Black "Gumo"]
[Result "1-0"]
[WhiteElo "1117"]
[BlackElo "1371"]

1. g4 Nf6 2. Bg2 e6 3. f3 Bc5 4. Nh3 Nd5 5. e4 Qh4+ 6. Ke2 Nb4 7. c3 N4c6 8. Qe1
g5 9. b4 Bb6 10. d4 f5 11. Bxg5 Qxe1+ 12. Kxe1 h6 13. Bf6 fxg4 14. Bxh8 gxh3 15.
Bxh3 e5 16. dxe5 d6 17. Bxc8 Nxe5 18. Bxb7 Nd3+ 19. Kd2 Nf2 20. Rg1 Nh3 21. Rg8+
Kd7 22. Na3 Nc6 23. Bxa8 Ne7 24. Rg3 Ng5 25. Nc4 Nc8 26. Bg7 c5 27. f4 d5 28.
Ne5+ Ke7 29. Bxh6 Nxe4+ 30. Kc2 Nxg3 31. hxg3 d4 32. Nc6+ Ke6 33. Re1+ Kd7 34.
Bg5 Bd8 35. Bb7 Nd6 36. Ba8 Nc4 37. bxc5 Na3+ 38. Kb3 Nb5 39. cxd4 Bxg5 40. fxg5
Nc7 41. g6 Ne8 42. Rxe8 Kxe8 43. g7 Kf7 44. Nxa7 Kxg7 45. c6 Kf7 46. c7 Ke6 47.
c8=Q+ Ke7 48. d5 Kd6 49. Qe6+ Kc5 50. d6 Kb6 51. Nc6 Kc5 52. d7 Kb5 53. d8=Q Kc5
54. Qa5# 1-0

[Event "Challenge"]
[Site "http://www.queenalice.com/game.php?id=778985"]
[Date "2010.5.21"]
[Round "-"]
[White "Shorty"]
[Black "Gumo"]
[Result "0-1"]
[WhiteElo "1148"]
[BlackElo "1373"]

1. c4 h5 2. h4 Nc6 3. b3 d5 4. g3 Nf6 5. f4 Nd4 6. Nf3 Nf5 7. e3 Nxg3 8. Bg2 Bg4
9. Kf2 Nge4+ 10. Ke2 dxc4 11. bxc4 Nc5 12. Ba3 Qd3+ 13. Kf2 Nfe4+ 14. Ke1 Bd7
15. Nd4 Ba4 16. Qc1 Ng3 17. Kf2 Nce4+ 18. Bxe4 Nxe4+ 19. Kf3 Bc6 20. Qf1 Nxd2+
21. Kf2 Nxf1 22. Rxf1 Ba4 23. Bb2 e5 24. fxe5 Be7 25. Kg2 Qe4+ 26. Rf3 Qg4+ 27.
Rg3 Qd7 28. Nc3 g5 29. hxg5 h4 30. Rh3 Qg4+ 31. Kh2 Bd7 32. Nf3 Qxh3+ 33. Kg1
Qg3+ 34. Kf1 Bg4 35. Ke2 Qxf3+ 36. Kd3 O-O-O+ 37. Kc2 Qf2+ 38. Kb3 Rd2 39. Nd1
Bxd1+ 40. Kc3 Qxe3# 0-1

[Event "Challenge"]
[Site "http://www.queenalice.com/game.php?id=806546"]
[Date "2010.7.21"]
[Round "-"]
[White "Shorty"]
[Black "Gumo"]
[Result "1-0"]
[WhiteElo "1140"]
[BlackElo "1363"]

1. Nc3 d5 2. e4 Nf6 3. Bb5+ Bd7 4. Qe2 Nc6 5. Nxd5 Nd4 6. Qd3 c6 7. Qxd4 cxb5 8.
d3 Qa5+ 9. b4 Qd8 10. Bf4 Bc6 11. Nc7+ Qxc7 12. Bxc7 e5 13. Qxe5+ Be7 14. Bd6
Ng8 15. Nf3 f6 16. Qe6 Bd7 17. Qd5 Rc8 18. e5 fxe5 19. Qxe5 Rc6 20. Bc5 Re6 21.
Bxe7 Rxe7 22. Kd2 Rxe5 23. Nxe5 Be6 24. Rhe1 Ke7 25. Re3 Nf6 26. a4 bxa4 27.
Rxa4 a6 28. Ra5 Rf8 29. Rc5 Kd6 30. Nc4+ Bxc4 31. dxc4 Nd7 32. Rh5 Rxf2+ 33. Re2
Rf6 34. Rxh7 Nb6 35. c5+ Kc6 36. cxb6 Rd6+ 37. Kc1 Kxb6 38. Re7 a5 39. c3 Rg6
40. g3 a4 41. Kb2 Rg5 42. Ka3 Kb5 43. Rxb7+ Ka6 44. Rbxg7 Rxg7 45. Rxg7 Kb5 46.
Rg4 Kc6 47. Kxa4 Kd5 48. c4+ Ke5 49. b5 Kd6 50. Rg5 Kc7 51. c5 Kb7 52. Ka5 Kc7
53. Rg7+ Kd8 54. c6 Kc8 55. b6 Kb8 56. Rg8# 1-0

[Event "Horripilate"]
[Site "http://www.queenalice.com/game.php?id=873425"]
[Date "2010.12.18"]
[Round "-"]
[White "Gumo"]
[Black "Shorty"]
[Result "1-0"]
[WhiteElo "1340"]
[BlackElo "1167"]

1. d4 c5 2. e4 cxd4 3. Qxd4 Nf6 4. Bf4 Nc6 5. Qc4 e5 6. Bd2 Qb6 7. Nc3 Nd4 8.
Nd5 Qc5 9. Nc7+ Kd8 10. Nxa8 Nxc2+ 11. Kd1 Nxa1 12. Qc1 Qxf2 13. Qc7+ Ke7 14.
Bb4+ Ke6 15. Bc4+ Nd5 16. Bxd5+ Kf6 17. Qd8+ Kg6 18. Nf3 Qc2+ 19. Ke1 Qxg2 20.
Nh4+ Kh5 21. Nxg2 b6 22. Bxf7+ Kg4 23. Qh4+ Kf3 24. Qg3+ Kxe4 25. Qg4+ Kd3 26.
Qc4# 1-0

[Event "Intromit"]
[Site "http://www.queenalice.com/game.php?id=887440"]
[Date "2011.1.17"]
[Round "-"]
[White "Shorty"]
[Black "Gumo"]
[Result "1-0"]
[WhiteElo "1158"]
[BlackElo "1371"]

1. b3 c5 2. Bb2 Nc6 3. Nf3 d6 4. c4 Nb4 5. d4 Bf5 6. Qd2 Nc2+ 7. Kd1 Qb6 8. Qg5
g6 9. e3 Bh6 10. Qh4 Nb4 11. g4 Bc2+ 12. Kd2 Be4 13. Be2 Nc2 14. g5 Qc6 15. d5
Qd7 16. gxh6 Qf5 17. Bxh8 Bxf3 18. Nc3 Nf6 19. Bd3 Be4 20. Nxe4 Nxe4+ 21. Bxe4
Qh5 22. Qf4 Nb4 23. Rhg1 Kd7 24. h4 f5 25. Bf3 e5 26. Qg3 f4 27. Qh3+ Qf5 28.
Bg4 Rxh8 29. Bxf5+ Ke7 30. h5 gxf5 31. Qxf5 Na6 32. Rg7+ Kd8 33. Qd7# 1-0

[Event "Challenge"]
[Site "http://www.queenalice.com/game.php?id=911017"]
[Date "2011.3.10"]
[Round "-"]
[White "Gumo"]
[Black "Shorty"]
[Result "0-1"]
[WhiteElo "1371"]
[BlackElo "1193"]

1. Nf3 d5 2. Nc3 d4 3. Ne4 f5 4. Nc5 e5 5. b4 e4 6. Ng1 a5 7. c3 dxc3 8. e3 axb4
9. Nb3 Be6 10. Ne2 c5 11. Nxc5 Bxc5 12. Nd4 Bd7 13. Nb3 Ba4 14. d4 Bb6 15. g4 g6
16. gxf5 gxf5 17. Bh3 Nf6 18. Bxf5 Qd5 19. Bh3 Rg8 20. Rb1 Bb5 21. Nc5 Qxa2 22.
Rxb4 c2 23. Be6 cxd1=Q+ 24. Kxd1 Qe2# 0-1

[Event "Let's try this again"]
[Site "http://www.queenalice.com/game.php?id=958734"]
[Date "2011.7.9"]
[Round "-"]
[White "Gumo"]
[Black "Shorty"]
[Result "1-0"]
[WhiteElo "1362"]
[BlackElo "1216"]

1. Nf3 Na6 2. e3 b5 3. Nc3 c6 4. g3 b4 5. Ne4 d5 6. Neg5 e6 7. h4 Nf6 8. Ne5 Qd6
9. Nexf7 Qc5 10. Nxh8 d4 11. Nxh7 Nxh7 12. Qf3 Qxc2 13. exd4 c5 14. Bd3 Bb7 15.
Qf7+ Kd8 16. Bxc2 Bxh1 17. Bxh7 Be7 18. Qxe6 Nc7 19. Qh3 cxd4 20. Qxh1 Kd7 21.
Ng6 Bf6 22. Nf4 Rh8 23. Bf5+ Ke7 24. Qe4+ Kf7 25. Ne6 Re8 26. Kd1 Nxe6 27. Bg6+
Ke7 28. d3 Rc8 29. Qb7+ Rc7 30. Qxb4+ Nc5 31. Bf4 Rc6 32. Qc4 Kd7 33. Qd5+ Kc8
34. Bf5+ Kb7 35. a4 Kb6 36. Be4 Nxe4 37. Qb3+ Kc5 38. Qb5# 1-0

[Event "Challenge"]
[Site "http://www.queenalice.com/game.php?id=964667"]
[Date "2011.7.25"]
[Round "-"]
[White "Shorty"]
[Black "palergiuseppe"]
[Result "1-0"]
[WhiteElo "1206"]
[BlackElo "1381"]

1. Nf3 d6 2. g3 Bg4 3. h3 Bxf3 4. exf3 Nf6 5. d4 Nbd7 6. Bb5 a6 7. Bc4 c6 8. Qd3
Qc7 9. Qb3 Nd5 10. Nc3 Nxc3 11. bxc3 O-O-O 12. Bxf7 Kb8 13. Bg5 h6 14. Bf4 g5
15. Be3 Bg7 16. Qe6 Nf8 17. Qf5 Qb6 18. Qe4 Qb2 19. Kd2 e5 20. dxe5 dxe5+ 21.
Ke2 Qxc3 22. Rhd1 Rxd1 23. Rxd1 Qb2 24. Qf5 Qb5+ 25. Ke1 e4 26. Rd8+ Kc7 27.
Qc8# 1-0

[Event "Challenge"]
[Site "http://www.queenalice.com/game.php?id=978954"]
[Date "2011.8.30"]
[Round "-"]
[White "Gumo"]
[Black "Shorty"]
[Result "0-1"]
[WhiteElo "1384"]
[BlackElo "1229"]

1. e3 c5 2. d4 Qa5+ 3. Bd2 Qa4 4. dxc5 b6 5. Nc3 Qb4 6. Nb5 Qxc5 7. Qf3 d5 8.
Qg3 e5 9. Qxe5+ Be6 10. Nc7+ Kd8 11. Nb5 Nc6 12. Qc7+ Ke8 13. Nf3 Rc8 14. Qf4
Qxc2 15. Bc3 a5 16. Bxg7 Bxg7 17. Nd6+ Kd7 18. Nxf7 Bxb2 19. Qd6+ Ke8 20. Qxe6+
Kf8 21. Nxh8 Bc3+ 22. Nd2 Qxd2# 0-1